| 000 | 00701cam a2200253 4500 | ||
|---|---|---|---|
| 008 | 090401t1995 xxu||||| |||| 00| 0 eng d | ||
| 020 | _a1860810616 | ||
| 035 | _a(Sirsi) u60292 | ||
| 041 | _aeng | ||
| 050 | _a690 | ||
| 110 | _aBuilding Research Establishment | ||
| 245 | _aSite investigation for low-rise building : direct investigations. | ||
| 260 |
_aGarston, Watford _bBuilding Research Establishment _c1995 |
||
| 300 | _a12p. : ill. ; 30cm. | ||
| 350 | _a0 | ||
| 490 |
_aBRE Digest _v411 |
||
| 650 | _aGROUND INVESTIGATION | ||
| 650 | _aLOW RISE BUILDINGS | ||
| 650 | _aSITE INVESTIGATION | ||
| 650 | _aSOIL | ||
| 690 | _aBUILT ENVIRONMENT | ||
| 942 | _n0 | ||
| 948 | _c04/03/1997 | ||
| 999 |
_c94222 _d94222 |
||